| 000 | 00356nam a22001457a 4500 | ||
|---|---|---|---|
| 003 | SGT | ||
| 020 | _a9789352726059 | ||
| 082 | _a448,RAN | ||
| 100 | _aRANJIT MAHITHA & MONICAS | ||
| 245 | _aAPPRENONS LE FRANCAIS METHODE DE FRANCAIS-2 | ||
| 260 |
_aNEW DELHI _bNEW SARASWATI PVT.LTD _c2018 |
||
| 300 | _a132 | ||
| 650 | _aFRANCAIS | ||
| 942 |
_2ddc _cBK _03 |
||
| 999 |
_c21155 _d21155 |
||